You be the detective / (Record no. 2315)

MARC details
000 -LEADER
fixed length control field 01347cam a22003613a 4500
001 - CONTROL NUMBER
control field 2315
003 - CONTROL NUMBER IDENTIFIER
control field FISKH
005 - DATE AND TIME OF LATEST TRANSACTION
control field 20231120123737.0
008 - FIXED-LENGTH DATA ELEMENTS--GENERAL INFORMATION
fixed length control field 210818s1991 nyua j 000 1 eng d
010 ## - LIBRARY OF CONGRESS CONTROL NUMBER
LC control number 2020417341
020 ## - INTERNATIONAL STANDARD BOOK NUMBER
International Standard Book Number 9780590427319
Qualifying information (pbk.)
020 ## - INTERNATIONAL STANDARD BOOK NUMBER
International Standard Book Number 0590427318
Qualifying information (pbk.)
035 ## - SYSTEM CONTROL NUMBER
System control number (OCoLC)ocm23012722
040 ## - CATALOGING SOURCE
Original cataloging agency IOS
Language of cataloging eng
Transcribing agency IOS
Modifying agency BTCTA
-- BAKER
-- NZROD
-- YDXCP
-- VVW
-- OCLCQ
-- OCLCF
-- OCLCO
-- OCLCA
-- OCLCQ
-- CCHGZ
-- ALV
-- OCLCO
-- OCL
-- DLC
042 ## - AUTHENTICATION CODE
Authentication code lccopycat
050 00 - LIBRARY OF CONGRESS CALL NUMBER
Classification number CPB Box no. 3004 vol. 6
082 ## - DEWEY DECIMAL CLASSIFICATION NUMBER
Classification number 793.73
100 1# - MAIN ENTRY--PERSONAL NAME
Personal name Miller, Marvin,
Fuller form of name (Marvin L.)
245 10 - TITLE STATEMENT
Title You be the detective /
Statement of responsibility, etc. Marvin Miller ; illustrated by Bob Roper.
Remainder of title Seven jigsaw puzzle mysteries for you to solve ! :
260 ## - PUBLICATION, DISTRIBUTION, ETC.
Place of publication, distribution, etc. New York :
Name of publisher, distributor, etc. Scholastic,
Date of publication, distribution, etc. 1991.
300 ## - PHYSICAL DESCRIPTION
Extent 81 pages ;
Dimensions 20 cm
505 ## - FORMATTED CONTENTS NOTE
Formatted contents note O<br/>
520 ## - SUMMARY, ETC.
Summary, etc. Seven baffling crimes have been committed. Study the evidence, then put together the jigsaw puzzle at the end of each case, and solve the crime.
521 8# - TARGET AUDIENCE NOTE
Target audience note 620<br/>
Source Lexile<br/>
521 8# - TARGET AUDIENCE NOTE
Target audience note O<br/>
Source Raz-Plus<br/>
650 #0 - SUBJECT ADDED ENTRY--TOPICAL TERM
Topical term or geographic name entry element Detective and mystery stories.
650 #1 - SUBJECT ADDED ENTRY--TOPICAL TERM
Topical term or geographic name entry element Mystery and detective stories.
655 #7 - INDEX TERM--GENRE/FORM
Genre/form data or focus term Children's stories.
Source of term lcsh
655 #7 - INDEX TERM--GENRE/FORM
Genre/form data or focus term Mystery fiction.
Source of term gsafd
700 1# - ADDED ENTRY--PERSONAL NAME
Personal name Roper, Robert
Fuller form of name (Robert C.)
Relator term illustrator
906 ## - LOCAL DATA ELEMENT F, LDF (RLIN)
a 7
b cbc
c copycat
d 2
e ncip
f 20
g y-genrareb
942 ## - ADDED ENTRY ELEMENTS (KOHA)
Source of classification or shelving scheme Dewey Decimal Classification
Koha item type Books
Suppress in OPAC No
Holdings
Withdrawn status Lost status Source of classification or shelving scheme Damaged status Not for loan Collection Home library Current library Shelving location Date acquired Total Checkouts Full call number Barcode Date last seen Copy number Price effective from Koha item type Date last checked out
    Dewey Decimal Classification     Juvenile Fiction Footprints International School Library Network Toul Kork Campus Footprints International School Library Network Toul Kork Campus TK Primary Library Room(4th Floor), Bookcase 3&4, Shelves 17-32, Yellow Books 11/16/2023   MIL 793.73 GV1507.D4 FISTK04943 11/16/2023 1 11/16/2023 Books  
    Dewey Decimal Classification     Juvenile Fiction Footprints International School Library Network Toul Kork Campus Footprints International School Library Network Toul Kork Campus TK Primary Library Room(4th Floor), Bookcase 3&4, Shelves 17-32, Yellow Books 11/16/2023   MIL 793.73 GV1507.D4 FISTK05336 11/16/2023 2 11/16/2023 Books  
    Dewey Decimal Classification     Juvenile Fiction Footprints International School Library Network Toul Kork Campus Footprints International School Library Network Toul Kork Campus TTP Primary Yellow Bookshelves 09/23/2024   MIL 793.73 GV1507.D4 2024-2468 12/17/2024 4 09/23/2024 Books  
    Dewey Decimal Classification     Juvenile Fiction Footprints International School Library Network Toul Kork Campus Footprints International School Library Network Toul Tom Poung Campus TTP Primary Yellow Bookshelves 09/23/2024 1 MIL 793.73 GV1507.D4 2024-2062 02/02/2026 3 09/23/2024 Books 01/05/2026